000 01558cam a22004457a 4500
003 CHAP
005 20220817043550.0
008 990805d1997 it a rn 00110 eng d
010 _a78642
011 _a79614
020 _a9251037418
035 _a89977
040 _cCHAP
082 0 4 _a639.309688
_bF3 v.8
110 2 _aFAO
245 1 0 _aLiving marine resources of Kuwait, Eastern Saudi Arabia, Bahrain, Qatar, and the United Arab Emirates
_c/by Kent E. Carpenter (and others)
260 _aRome :
_bFAO,
_c1997.
300 _a293 p. :
_bilus.
410 2 _aFAO
490 0 _aGuía para la identificación de especies para los fines de la pesca
_v; 8
590 _aBATCH-UPD
_b10
_c20130110
_lUCH01
_h0552
590 _aBATCH-UPD
_b10
_c20130110
_lUCH01
_h2258
590 _aBATCH-UPD
_b10
_c20130410
_lUCH01
_h0234
590 _aBATCH-UPD
_b10
_c20130410
_lUCH01
_h1618
590 _aBATCH-UPD
_b10
_c20130914
_lUCH01
_h0851
590 _aCONVERSION
_b10
_c20130109
_lUCH01
_h1344
650 1 4 _aFauna marina
_xArabia.
_939843
650 1 4 _aPeces
_xClasificación.
_986445
650 1 4 _aRecursos marinos
_xArabia.
_995148
700 0 _aCarpenter, Kent E.
_919279
700 0 _aJones, David A.
_961993
700 0 _aKrupp, Friedhelm.
_963993
700 0 _aZajonz, Uwe.
_9123452
810 0 _aFAO
830 0 _aGuía para la identificación de especies para los fines de la pesca
_v; 8
_951494
901 _aBK
905 _aLilia Sánchez G.
942 _cLIBRO
949 _a639.309688 F3 v.8
_bBC
_cFAO
_d33724000734331
_eFAO1
_h96069
_i89977
_kDonaciØn
_sb
999 _c78642
_d78642